000 02481cab a2200277 ab4500
005 20240909145404.0
008 991125c2017 cr tr p o 000 0 spa d
035 _aUPN01000227185
040 _aMX-MxUPN
_bspa
_cMX-MxUPN
_eaacr2
049 _aART-E
100 1 _aPérez Lisboa, Sandra Ruperta
_6- sandra.perez@upla.cl
245 1 0 _aDescubriendo el lenguaje a través de la realidad aumentada y la pizarra digital
_h[recurso electrónico en línea]
506 0 _aAcceso abierto
520 3 _aEl presente estudio analizó el desarrollo de los aspectos fonológico, semántico y sintáctico utilizando la realidad aumentada y la pizarra digital interactiva, en niños y niñas del Nivel Transición Mayor del Liceo San Felipe. Con la implementación de estas herramientas se llevaron a cabo experiencias de aprendizajes con el alumnado de párvulos, potenciando la comprensión de oraciones y palabras en sus componentes sucesivos, la segmentación lingüística, conciencia fonológica y la reflexión sobre el significado de las palabras y oraciones. Las experiencias se realizaron en el aula didáctica de la carrera de Educación Parvularia de la Universidad de Playa Ancha, campus San Felipe, con una duración de 60 minutos una vez a la semana por cuatro meses. El tipo de estudio fue cuasi experimental y a través de un pre y postest, se comprobó el avance que tuvieron 18 estudiantes de un liceo municipal de la comuna de San Felipe. Los instrumentos utilizados fueron la prueba de segmentación lingüística, prueba de exploración del lenguaje comprensivo y expresivo (ELCE); subtest aspecto semántico, prueba evalúa O; subtest palabras y frases. Los resultados obtenidos, basados en la comparación de pre y postprueba, muestran cambios en el manejo de los aspectos semánticos, sintácticos y fonológicos logrados por los niños y las niñas con esta metodología. Sin embargo, se requiere más investigación para validar esta propuesta en la enseñanza de la metalingüística. Educare
653 0 _aAula didáctica
653 0 _aConciencia fonológica
653 0 _aConciencia semántica
653 0 _aConciencia sintáctica
653 0 _aLenguaje
773 _gVol. 21, no. 3 (2017), p. 1-13
_tRevista electrónica educare
_x1607-4041
856 4 _uhttps://www.revistas.una.ac.cr/index.php/EDUCARE/article/view/7890
856 4 _uhttps://doi.org/10.15359/ree.21-3.14
902 _aLeonor Sotres/090924
905 _aArticulo
942 _cART-E
999 _c199281
_d199281